000 00730nam a2200277 i 4500
001 C2-0343457
003 PPAK
005 20180728144636.0
008 171002s2012 enka|||| ||||| | eng d
020 _a9781407135632
040 _aPPAK
_beng
_cPPAK
_erda
082 0 4 _a823
_223
090 0 0 _a823
_bWAT
_dK
100 1 _aWatson, Jude,
_eauthor
245 1 0 _aBeyond the grave
264 1 _aLondon :
_bScholastic Children's Books ,
_c2012
300 _billustrations ;
_c20 cm
336 _2rdacontent
_atext
337 _2rdamedia
_aunmediated
338 _2rdacarrier
_avolume
490 1 _aThe 39 clues
500 _aBook Four
650 1 0 _aChildren's stories, English.
830 0 _aThe 39 clues
942 _ddc
_cB
999 _c140324
_d140324